000
00290nam a2200121Ia 4500
005
20260328101510.0
008
260328s9999||||xx |||||||||||||| ||und||
100
_a
Banfi, Julia
245
0
_a
Le Corbusier /
_c
Julia Banfi
260
_b
Astra-Arengarium
650
_a
Corbusier, Le
942
_c
BK
999
_c
9179
_d
9179